<?xml version="1.0" encoding="UTF-8"?>
<record
    xmlns:xsi="http://www.w3.org/2001/XMLSchema-instance"
    xsi:schemaLocation="http://www.loc.gov/MARC21/slim http://www.loc.gov/standards/marcxml/schema/MARC21slim.xsd"
    xmlns="http://www.loc.gov/MARC21/slim">

  <leader>01531aab a2200205 i 4500</leader>
  <controlfield tag="001">768714001</controlfield>
  <controlfield tag="003">CO-MdFUSB</controlfield>
  <controlfield tag="005">20250804145050.0</controlfield>
  <controlfield tag="008">221006s2015    ag ||||| |||| 00| 0 spa d</controlfield>
  <datafield tag="040" ind1=" " ind2=" ">
    <subfield code="b">spa</subfield>
    <subfield code="c">CO-MdFUSB</subfield>
    <subfield code="d">CO-MdFUSB</subfield>
  </datafield>
  <datafield tag="041" ind1=" " ind2=" ">
    <subfield code="a">spa</subfield>
  </datafield>
  <datafield tag="100" ind1="1" ind2=" ">
    <subfield code="a">Hofmeyr, J. W.</subfield>
    <subfield code="e">autor</subfield>
  </datafield>
  <datafield tag="245" ind1="1" ind2="0">
    <subfield code="a">Cristianismo y sociedad : </subfield>
    <subfield code="b">el caso sudafricano</subfield>
    <subfield code="c">/  J. W. Hofmeyr</subfield>
  </datafield>
  <datafield tag="300" ind1=" " ind2=" ">
    <subfield code="a">Volumen 14, n&#xFA;mero 1 (enero - marzo, 1995), p&#xE1;ginas: 6 - 13</subfield>
    <subfield code="c">; 27 cm</subfield>
  </datafield>
  <datafield tag="520" ind1=" " ind2=" ">
    <subfield code="a">En la conferencia dictada en la Universidad de Sud&#xE1;frica el profesor G.J. Pillay aleg&#xF3; que el curso de la historia del cristianismo en Sud&#xE1;frica las iglesias han interactuado con la sociedad de maneras muy diferentes. Se refiri&#xF3; a cuatro tipos de interacci&#xF3;n: testimonio p&#xFA;blico, el desarrollo y la capacitaci&#xF3;n sociales, el fortalecimiento del poder social de los desheredados y el establecimiento de la vida comunitaria. El presente estudio intenta mostrar c&#xF3;mo estos cuatro tipos de interacci&#xF3;n sugeridos por Pillay se han dado durante un periodo formativo de la historia de la Rep&#xFA;blica de Sud&#xE1;frica, es decir, durante la democratizaci&#xF3;n del pa&#xED;s, de 1990a 1994. En la primera secci&#xF3;n enfocaremos el escenario de esa interacci&#xF3;n; en la segunda relacionaremos los cuatro tipos de interacci&#xF3;n con la experiencia de las iglesias en este periodo. </subfield>
  </datafield>
  <datafield tag="650" ind1=" " ind2="7">
    <subfield code="a">Cristianismo</subfield>
    <subfield code="9">22</subfield>
  </datafield>
  <datafield tag="773" ind1="0" ind2=" ">
    <subfield code="t">Iglesia y Misi&#xF3;n</subfield>
    <subfield code="0">49402</subfield>
    <subfield code="9">59644</subfield>
    <subfield code="g">Volumen 14, n&#xFA;mero 1 (enero - marzo, 1995), p&#xE1;ginas:  6 - 13</subfield>
    <subfield code="q">p&#xE1;gina: 6</subfield>
  </datafield>
  <datafield tag="942" ind1=" " ind2=" ">
    <subfield code="c">ANA</subfield>
  </datafield>
  <datafield tag="945" ind1=" " ind2=" ">
    <subfield code="a">JTF-925</subfield>
  </datafield>
  <datafield tag="999" ind1=" " ind2=" ">
    <subfield code="c">52117</subfield>
    <subfield code="d">52117</subfield>
  </datafield>
</record>
